Kolping mozgalom az esztergomi szakképzésben

Bibliographic Details
Main Author: Tóth Tibor
Other Authors: Farkas Dr Julianna
Format: Thesis
Kulcsszavak:Adolf Kolping
Szakképzés
pedagógus
gyerekkép
pedagóguskép
motiváció
Online Access:http://dolgozattar.uni-bge.hu/2910

MARC

LEADER 00000nta a2200000 i 4500
001 dolg2910
005 20160302130940.0
008 150515suuuu hu om 000 hun d
040 |a BGE Dolgozattár Repozitórium  |b hun 
041 |a hu 
100 1 |a Tóth Tibor 
245 1 0 |a Kolping mozgalom az esztergomi szakképzésben  |c Tóth Tibor  |h [elektronikus dokumentum] 
695 |a Adolf Kolping 
695 |a Szakképzés 
695 |a pedagógus 
695 |a gyerekkép 
695 |a pedagóguskép 
695 |a motiváció 
700 1 |a Farkas Dr Julianna  |e ths 
856 4 0 |u http://dolgozattar.uni-bge.hu/2910/1/Szakdolgozat%20T%C3%B3th%20Tibor.pdf  |z Dokumentum-elérés